The Furniture manufacturer.

Bibliographic Details
Format: Journal
Language:English
Published: New York : National Service Periodicals, inc. [etc.]
Subjects:

MARC

Tag First Indicator Second Indicator Subfields
LEADER 00000cas a2200000 4500
001 in00000045449
005 20151007073103.0
008 800609d18801962nyusr p 0uuua1eng d
035 |a (OCoLC)06398799 
035 |9 AAE9100AM 
040 |a TXA  |c TXA  |d UtOrBLW 
049 |a TXAE 
090 |a TS840  |b .F87 
245 0 4 |a The Furniture manufacturer. 
247 0 0 |a Michigan artisan  |f 1880-1910 
247 0 0 |a Furniture manufacturer and artisan  |f 1911-26 
264 1 |a New York :  |b National Service Periodicals, inc. [etc.] 
300 |a  volumes :  |b illustrations 
310 |a Semi-monthly 
321 |a Frequency varies 
336 |a text  |b txt  |2 rdacontent 
337 |a unmediated  |b n  |2 rdamedia 
338 |a volume  |b nc  |2 rdacarrier 
362 0 |a v. 1-83, no. 4; 1880-April 1962. 
515 |a Vol. numbering irregular: 1911- also called New ser. v. 1- 
650 0 |a Furniture industry and trade  |v Periodicals. 
999 |a MARS 
999 f f |s 2c90fed4-1759-3e55-81f6-c64513508d70  |i ae417144-7cea-316a-91a7-23ac7777c16c  |t 0 
952 f f |p serial  |a Texas A&M University  |b College Station  |c Sterling C. Evans Library  |d Evans: Library Stacks  |t 0  |e TS840 .F87  |h Library of Congress classification  |i unmediated -- volume  |k v.83:no.1-4  |l 1982:Jan.-Apr.  |m A14811834590 
998 f f |a TS840 .F87  |s v.83:no.1-4 (1962:Jan.-Apr.)  |t 0  |l Evans: Library Stacks